01321nam a2200277 i 4500003000900000005001700009008004100026020001500067040004300082082001900125100002700144245019100171250001900362264004300381300005400424336002600478337002800504338002700532500023300559504005200792650002600844655001700870942001200887999001500899952012900914EG-ScBUE20250518094254.0250429s1945 nyuad f b 001 0 eng d a0486602567 aEG-ScBUEbengerdacEG-ScBUEdEG-ScBUE04a532.5bLAM2221 aLamb, Horace,eauthor.10aHydrodynamics /cby Sir Horace Lamb, M.A., LL.D., Sc.D., F.R.S., Honorary Fellow of Trinity College, Cambridge ; lately professor of mathematics in the Victoria University of Manchester. aSixth edition. 1aNew York :bDover Publications,c1945. axv, 738 pages :bdiagrams, illustrations ;c28 cm 2rdacontentatextbtxt aunmediated2rdamediabn avolumebnc2rdacarrier a"This may be regarded as the sixth edition of a Treatise on the mathematical theory of the motion of fluids, published in 1879. Subsequent editions, largely remodelled and extended, have appeared under the present title."--Pref. aIncludes bibliographical references and index.  7aHydrodynamics.2BUEsh vReading book cBB2ddc c3987d3987 00102ddc40708BaccahaMAINbMAINc1STd2014-08-07ePurchasel0o532.5 LAMp000005074r2025-07-15 00:00:00w2007-08-14yBB